| 000 | 00934nam a2200229 i 4500 | ||
|---|---|---|---|
| 001 | 29985 | ||
| 003 | ES-MaACL | ||
| 005 | 20250401183957.0 | ||
| 007 | t| | ||
| 008 | 030123s1945 mx ||||1| spa d | ||
| 100 | 1 |
_aBarreto, Emilio G. _925952 |
|
| 245 | 1 | 4 |
_aLos problemas monetarios de la post-guerra / _cEmilio G. Barreto. |
| 260 |
_aMéxico : _bFondo de Cultura Económica, _c[1945] ( _fGráf. Panamericana) |
||
| 300 |
_a197 p. ; _c20 cm. |
||
| 510 |
_a CCPB, _c001328795-8. |
||
| 650 | 4 |
_916300 _aPolítica monetaria |
|
| 852 |
_aES-MaACL _jD-6251 _bR.30311 _bR.M.5846 _931117 _cSVI _fSello en tinta azul de la Biblioteca del Ateneo de Madrid. _gAnotación manuscrita a lápiz en cubierta: "7". _z"21.NOV.1950" |
||
| 942 |
_2udc _cMONOGRAFIA |
||
| 999 |
_c29985 _d29985 |
||